[Event "CHI-ch sf"]
[Site "Villa Alemana"]
[Date "2023.01.20"]
[Round "5"]
[White "Barriga Silva, Felipe"]
[Black "Arevalo Shuttleton, Felipe"]
[Result "1-0"]
[WhiteElo "2175"]
[BlackElo "1863"]
[PlyCount "91"]
[EventDate "2023.01.18"]
[EventType "swiss"]
[EventRounds "8"]
[EventCountry "CHI"]
[SourceTitle "CBM 212 Extra"]
[Source "ChessBase"]
[SourceDate "2023.03.31"]
[SourceVersion "1"]
[SourceVersionDate "2023.03.31"]
[SourceQuality "1"]

1. Nf3 Nc6 2. d4 d5 3. c4 e6 4. Nc3 Nf6 5. Bf4 Bb4 6. e3 0-0 7. a3 Bxc3+ 8. bxc3 b6 9. Bg5 h6 10. Bh4 g5 11. Bg3 Ne4 12. Qc2 Nxg3 13. hxg3 Qf6 14. Bd3 Kg7 15. e4 dxe4 16. Bxe4 Bb7 17. 0-0 Na5 18. Ne5 Bxe4 19. Qxe4 Qf5 20. Qe2 f6 21. g4 Qh7 22. Nf3 Rfe8 23. c5 Nc6 24. Rfe1 Kf8 25. Qc4 Qd7 26. Re3 Re7 27. Rae1 Rae8 28. Nd2 Qd5 29. Qd3 Kg7 30. Ne4 bxc5 31. Ng3 Rh8 32. Rf3 h5 33. Nxh5+ Rxh5 34. gxh5 f5 35. g4 c4 36. Qe3 fxg4 37. Rg3 Qf5 38. Qe4 Qxe4 39. Rxe4 Kh6 40. Rexg4 Rg7 41. Re4 Nd8 42. Re5 Kxh5 43. f4 Nf7 44. Rxe6 Kh4 45. Kg2 g4 46. Re1 1-0

[Event "CHI-ch sf"]
[Site "Vina del Mar"]
[Date "2022.02.12"]
[Round "6"]
[White "Lemus Pena, Sebastian"]
[Black "Arevalo Shuttleton, Felipe"]
[Result "1-0"]
[WhiteElo "1612"]
[BlackElo "1918"]
[PlyCount "53"]
[EventDate "2022.02.08"]
[EventType "swiss"]
[EventRounds "8"]
[EventCountry "CHI"]
[SourceTitle "CBM 207 Extra"]
[Source "ChessBase"]
[SourceDate "2022.05.31"]
[SourceVersion "1"]
[SourceVersionDate "2022.05.31"]
[SourceQuality "1"]

1. e4 e5 2. Nf3 Nc6 3. Bb5 a6 4. Ba4 b5 5. Bb3 Nf6 6. 0-0 Bc5 7. c3 d6 8. h3 h6 9. d4 Bb6 10. dxe5 Nxe5 11. Nxe5 dxe5 12. Qxd8+ Kxd8 13. Bxf7 Bb7 14. Nd2 Nxe4 15. Nxe4 Bxe4 16. Re1 Rf8 17. Rxe4 Rxf7 18. Be3 Bxe3 19. Rxe3 Rd7 20. Rxe5 Rd2 21. b4 Kd7 22. a4 Kd6 23. Rc5 Rf8 24. f3 Re8 25. axb5 Ree2 26. Rxa6+ Ke7 27. Rxc7+ 1-0

[Event "CHI-ch sf"]
[Site "Vina del Mar"]
[Date "2022.02.09"]
[Round "2"]
[White "Perez Rojas, Jorge"]
[Black "Arevalo Shuttleton, Felipe"]
[Result "1/2-1/2"]
[WhiteElo "1337"]
[BlackElo "1918"]
[PlyCount "54"]
[EventDate "2022.02.08"]
[EventType "swiss"]
[EventRounds "8"]
[EventCountry "CHI"]
[SourceTitle "CBM 207 Extra"]
[Source "ChessBase"]
[SourceDate "2022.05.31"]
[SourceVersion "1"]
[SourceVersionDate "2022.05.31"]
[SourceQuality "1"]

1. d4 Nf6 2. Nf3 e6 3. Bg5 c5 4. e3 d5 5. c3 Nbd7 6. Ne5 Nxe5 7. dxe5 h6 8. Bb5+ Bd7 9. Bxd7+ Qxd7 10. Bxf6 gxf6 11. exf6 Rg8 12. g3 Rg6 13. f4 Rxf6 14. Nd2 0-0-0 15. Qe2 Rg6 16. Nf3 Bd6 17. e4 Qc6 18. exd5 exd5 19. 0-0-0 Re6 20. Qd3 Bc7 21. Kb1 Qa4 22. Rhe1 Ra6 23. a3 Rb6 24. Kc1 Qb3 25. Qc2 Qxc2+ 26. Kxc2 Re6 27. Nh4 h5 1/2-1/2

[Event "Vina del Mar Vina CC U2200"]
[Site "Vina del Mar"]
[Date "2019.06.29"]
[Round "3.5"]
[White "Cuevas Rivadeneira, Rodrigo"]
[Black "Arevalo Shuttleton, Felipe"]
[Result "0-1"]
[WhiteElo "1378"]
[BlackElo "1917"]
[PlyCount "86"]
[EventDate "2019.06.29"]
[EventType "swiss"]
[EventRounds "6"]
[EventCountry "CHI"]
[SourceTitle "EXT 2024"]
[Source "ChessBase"]
[SourceDate "2023.10.10"]
[SourceVersion "1"]
[SourceVersionDate "2023.10.10"]
[SourceQuality "1"]

1. d4 d5 2. Nf3 Nf6 3. Bf4 e6 4. e3 Be7 5. Bd3 0-0 6. 0-0 b6 7. Nbd2 Ba6 8. Qe2 Bxd3 9. Qxd3 c5 10. c3 Nbd7 11. h3 Rc8 12. Rfe1 Re8 13. Ne5 Nxe5 14. Bxe5 Nd7 15. Bh2 Bf8 16. f4 f5 17. Nf3 Nf6 18. Ne5 Bd6 19. a4 Bxe5 20. fxe5 Ne4 21. Qa6 Qc7 22. Re2 Rb8 23. Qd3 c4 24. Qc2 Rb7 25. g4 fxg4 26. hxg4 Reb8 27. Rg2 b5 28. axb5 Rxb5 29. Qc1 Qb6 30. Ra2 Ra5 31. Rxa5 Qxa5 32. g5 g6 33. Bf4 Rb3 34. Kh2 Qb6 35. Kh3 a5 36. Kg4 a4 37. Rh2 Qb7 38. Qa1 Qa7 39. Bg3 Qf7 40. Bf4 Qf5+ 41. Kh4 h5 42. Rg2 Nf2 43. Rg3 Qe4 0-1

[Event "Vina del Mar op 11th"]
[Site "Vina del Mar"]
[Date "2019.??.??"]
[Round "6"]
[White "Arevalo Shuttleton, Felipe"]
[Black "Jaque Gutierrez, Matias"]
[Result "0-1"]
[WhiteElo "1927"]
[BlackElo "1738"]
[PlyCount "88"]
[EventDate "2019.05.19"]
[EventType "swiss"]
[EventRounds "6"]
[EventCountry "CHI"]
[SourceTitle "CBM 190 Extra"]
[Source "ChessBase"]
[SourceDate "2019.07.15"]
[SourceVersion "1"]
[SourceVersionDate "2019.07.15"]
[SourceQuality "1"]

1. e4 c5 2. Nf3 g6 3. d4 cxd4 4. Qxd4 Nf6 5. e5 Nc6 6. Qa4 Nd5 7. Qe4 Nb6 8. Bd3 Bg7 9. 0-0 0-0 10. c3 d6 11. exd6 Qxd6 12. Qe2 Bg4 13. Bc2 Ne5 14. Nbd2 Qe6 15. Kh1 Nd5 16. Bb3 Nxf3 17. Qxe6 fxe6 18. Nxf3 Bxf3 19. gxf3 Rxf3 20. Kg2 Raf8 21. Bd2 R3f5 22. Rae1 Be5 23. Re2 R8f6 24. Rfe1 Bd6 25. a3 Kf7 26. Ba2 Rh5 27. h3 Rhf5 28. b4 Rf3 29. c4 Rxa3 30. cxd5 Rxa2 31. dxe6+ Ke8 32. Bc3 Rxe2 33. Rxe2 Rf4 34. b5 Rc4 35. Bd2 Rc5 36. Be3 Re5 37. Ra2 Rxb5 38. Rxa7 Kd8 39. f4 Kc7 40. Kf3 Rb3 41. Ra1 Bc5 42. Re1 Rxe3+ 43. Rxe3 Bxe3 44. Kxe3 Kd6 0-1

[Event "Quilpue Ruy Lopez"]
[Site "Quilpue"]
[Date "2013.02.23"]
[Round "6"]
[White "Aguirre Contreras, Cristian Rodrigo"]
[Black "Arevalo Shuttleton, Felipe"]
[Result "1-0"]
[WhiteElo "2010"]
[BlackElo "1922"]
[PlyCount "59"]
[EventDate "2013.02.18"]
[EventType "tourn"]
[EventRounds "9"]
[EventCountry "CHI"]
[SourceTitle "EXT 2014"]
[Source "ChessBase"]
[SourceDate "2013.11.20"]
[SourceVersion "1"]
[SourceVersionDate "2013.11.20"]
[SourceQuality "1"]

1. e4 c5 2. g3 e6 3. Bg2 g6 4. Ne2 Bg7 5. 0-0 Ne7 6. d3 d6 7. f4 Nbc6 8. c3 Bd7 9. Na3 a6 10. Rb1 0-0 11. g4 f5 12. h3 Kh8 13. Ng3 Qc7 14. Bd2 Rab8 15. Qe2 Rfe8 16. Nc2 Qb6 17. Kh2 Qc7 18. g5 e5 19. Rbe1 exf4 20. Bxf4 Be5 21. Qd2 Bxf4 22. Rxf4 Ne5 23. b3 fxe4 24. Nxe4 Bf5 25. Kh1 d5 26. Nf6 Nxd3 27. Rh4 h5 28. Nxe8 Qg3 29. Rxe7 Qxh4 30. Nf6 1-0